Las personas con discapacidad en el razonamiento judicial

Сохранить в:
Библиографические подробности
Главный автор: Agüero San Juan, Claudio (coordinador)
Другие авторы: Villavicencio Miranda, Luis, Sandoval Ayala, Sebastián, Lira Rodríguez, Renato, Sandoval, Danae (colaboración), Silva Berríos, Valentina (colaboración)
Формат: Неизвестно
Язык:английский
Опубликовано: Santiago, Chile. Ediciones Der, 2021
Редактирование:Primera edición
Серии:CJAJ. Cuadernos Jurídicos de la Academia Judicial
Предметы:
Метки: Добавить метку
Нет меток, Требуется 1-ая метка записи!

MARC

LEADER 00000 a2200000 4500
003 CL-VaPUC
005 20211206151737.0
008 211102b2021 ||||| |||| 00| 0 eng d
999 |c 433785  |d 433783 
020 |a 9789564050089 
040 |c Pontificia Universidad Católica de Valparaíso 
082 |a 346.0138 AGU 2021 
100 1 |a Agüero San Juan, Claudio  |9 863824  |e coordinador 
245 |a Las personas con discapacidad en el razonamiento judicial 
250 |a Primera edición  
260 |a Santiago, Chile.   |b Ediciones Der,   |c 2021 
300 |a 263 páginas  
490 |a CJAJ. Cuadernos Jurídicos de la Academia Judicial 
583 |k Cristina María Rojas Aguilar  |c 20211102 
650 0 |a Discapacidad  |9 374444  |x Normas constitucionales  
650 0 |a Discapacidad   |x Legislación   |9 864961 
700 |a Villavicencio Miranda, Luis  |9 864062 
700 |a Sandoval Ayala, Sebastián   |9 864063 
700 |a Lira Rodríguez, Renato  |9 864064 
700 |a Sandoval, Danae  |e colaboración   |9 864065 
700 |a Silva Berríos, Valentina  |e colaboración   |9 864066 
942 |2 ddc  |c BK 
952 |0 0  |1 0  |2 ddc  |4 0  |6 346_013800000000000_AGU_2021  |7 0  |8 A  |9 579085  |a BIBDER  |b BIBDER  |d 2021-11-02  |e 22  |g 24000.00  |i 5589878  |l 4  |m 3  |o 346.0138 AGU 2021  |p 5589878  |r 2024-04-11  |s 2024-04-03  |t 1  |v 24000.00  |w 2021-11-02  |y BK  |k DER